01272nabaa22002057a 4500999001500000003000400015005001700019008004100036040000700077100003600084245011400120300001300234505049300247505008900740650003200829650002700861650003800888773012700926942001301053 c6144d6144OSt20260122234020.0190701b xxu||||| |||| 00| 0 spa d cPJ 95518aGirotti, María Cristina13aDelitos y faltas electorales y el nuevo proceso sancionador en el fuero electoral /cMaría Cristina Girott. ap. 21-29 aSumario: I. Introducción.— II. La discusión clásica acerca de la diferencia entre delitos y faltas.— III. Los delitos y las faltas en el Código Nacional Electoral.— IV. Las infracciones en las leyes 26.215 y 26.571.—V. Una reflexión y propuesta.— VI. El problema de las etiquetas frente a la Constitución Nacional.— VII. El proceso sancionatorio en el viejo Código Nacional Electoral.— VIII. El proceso sancionatorio en el Código actual.— IX. Conclusión. t¿Te interesa el texto completo? Comunicate al correo: koha@justierradelfuego.gov.ar 09211aDERECHO ADMINISTRATIVO 09904aDERECHO ELECTORAL 09289aTECNOLOGIA DE LA INFORMACION0 0284293251dBuenos Aires : AbeledoPerrot, 2012-oDA121tDerecho administrativo. Nº 150 noviembre/diciembre 2023z18510590 2udccANA